000 00682 a2200193 4500
999 _c182893
_d182893
005 20211209113101.0
010 _aENG-130249
020 _a978-81-89005-94-8
_c225.00
035 _aEN-113781
037 _bDBAD / PUB
082 _a361.3
100 _a Murthy, S.K.
245 _aSocial Work:
_bTheory and Practice/
_cS.K. Murthy
250 _a2011
260 _aNew delhi
_bLotus press publishers & distributor
_c2011
270 _aUnit No. 220,Second Floor, 4735/22, Prakash Deep Building, Ansari Road, Darya Gang
_bNew delhi
_e110002
_k32903912
_mlotus_press@sify.com
300 _a278p.
_c21cm (pbk)
_bIndex,Bibliography
942 _adpl
_cEN
_2ddc
_h361.3
_mMUR